Statistics for Countries with the Longest Waterway Networks

Click here to take the quiz!

General Stats

  • This quiz has been taken 53 times
  • The average score is 16 of 20

Answer Stats

kmCountry% Correct
126,300China
98%
102,000Russia
98%
40,230United States
98%
63,000Brazil
96%
20,275India
94%
11,000Argentina
92%
7,467Germany
90%
18,000Colombia
87%
8,501France
87%
15,000D.R. Congo
83%
7,200Venezuela
81%
21,579Indonesia
77%
8,808Peru
77%
12,800Myanmar
71%
17,702Vietnam
71%
8,600Nigeria
67%
8,370Bangladesh
60%
10,000Bolivia
58%
8,000Finland
48%
11,000Papua New Guinea
40%

Score Distribution

Percentile by Number Answered

Percent of People with Each Score

Your Score History

You have not taken this quiz